000 00990nam2a22002171 4500
001 v19\rc\1312015
005 20250618033145.0
035 _a(NLR Aleph) 004468478
090 _a4550971
_c4550971
100 _a20060512d1913 |||y0rusy50 ca
101 0 _arus
102 _aRU
105 _ay z |||||
200 0 _aна 1914 год
210 _d1913
_aБ. м.
215 _a124 с.
461 0 _1001v19\rc\1311997
_12001#$aСмета доходов и расходов специальных средств Канцелярии министра путей сообщения...$vна 1914 год$90
_94550892
_aРоссия. Министерство путей сообщения
_cСанкт-Петербург
_d1899-1916
_tСмета доходов и расходов специальных средств Канцелярии министра путей сообщения...
_vна 1914 год$90
801 0 _aRU
_bNLR
_gpsbo
801 1 _aRU
_bProSoft-M
_2rusmarc
942 _cBOOK
980 _aNB